| 000 | 00472nam a2200169Ia 4500 | ||
|---|---|---|---|
| 008 | 230917s9999||||xx |||||||||||||| ||und|| | ||
| 020 | _cGBP49.99 | ||
| 040 |
_e224773 _aMAIN |
||
| 041 | _aEnglish | ||
| 082 | _a512.5 B223L | ||
| 100 | _aBanerjee, Sudipto | ||
| 245 | 0 | _aLinear algebra and matrix analysis for statistics | |
| 260 |
_aBoca Raton _bCRC Press _c2014 |
||
| 300 | _axvii, 565 p. | ||
| 500 | _a1962 09/02/2015 APD1012981 16/02/2015 Main Budget | ||
| 942 | _cBK | ||
| 999 |
_c14648 _d14648 |
||